| 000 | 01623cam a22003854a 4500 | ||
|---|---|---|---|
| 001 | 14726893 | ||
| 005 | 20090219200334.0 | ||
| 008 | 070207s2008 enk b 001 0 eng | ||
| 010 | _a2007005441 | ||
| 015 |
_aGBA718485 _2bnb |
||
| 016 | 7 |
_a013689021 _2Uk |
|
| 020 | _a0415411793 (pbk.) | ||
| 020 | _a9780415411790 (pbk.) | ||
| 020 | _a0415411785 (hbk.) | ||
| 020 | _a9780415411783 (hbk.) | ||
| 020 | _a0203944887 (ebk.) | ||
| 020 | _a9780203944882 (ebk.) | ||
| 035 | _a(OCoLC)ocm82772652 | ||
| 035 | _a(OCoLC)82772652 | ||
| 040 |
_aDLC _cDLC _dBTCTA _dBAKER _dBWKUK _dBWK _dUKM _dYDXCP _dMUQ _dXVF _dDLC |
||
| 042 | _apcc | ||
| 050 | 0 | 0 |
_aLB2395.35 _b.M66 2008 |
| 082 | 0 | 0 |
_a370.152 _222 _bMON |
| 100 | 1 |
_aMoon, Jennifer A. _93948 |
|
| 245 | 1 | 0 |
_aCritical Thinking : _bAn Exploration of theory and Practice / _cJennifer Moon. |
| 260 |
_aLondon ; _aNew York : _bRoutledge, _cc2008. |
||
| 300 |
_aviii, 237 p. ; _c24 cm. |
||
| 504 | _aIncludes bibliographical references (p. [225]-233) and index. | ||
| 650 | 0 |
_aCritical thinking _xStudy and teaching. _93949 |
|
| 856 | 4 | 1 |
_3Table of contents only _uhttp://www.loc.gov/catdir/toc/ecip0710/2007005441.html |
| 856 | 4 | 2 |
_3Publisher description _uhttp://www.loc.gov/catdir/enhancements/fy0731/2007005441-d.html |
| 942 |
_2ddc _cBB |
||
| 999 |
_c11355 _d11355 |
||